LEADER 00795nam2 2200277 450 001 000027361 005 20100426140034.0 100 $a20100426d2009----km-y0itay50------ba 101 0 $aita 102 $aIT 105 $ay-------001yy 200 1 $aPirati di ieri e di oggi$fMassimo Annati$gFabio Caffio 210 $aRoma$cRivista marittima$d2009 215 $a240 p.$cfoto a colori$d24 cm 410 0$12001 422 0$1001000001926 500 10$aPirati di ieri e di oggi$942593 610 1 $aStoria 676 $a900$v20 700 1$aAnnati,$bMassimo$0282209 701 1$aCaffio,$bFabio$09492 801 0$aIT$bUNIPARTHENOPE$gRICA$2UNIMARC 912 $a000027361 951 $aRIMAS 900/12-2009 (I)$b[s.i.]$cPIST$d2010 996 $aPirati di ieri e di oggi$942593 997 $aUNIPARTHENOPE LEADER 00926nam--2200325---450- 001 990001063100203316 011 $a0962-8452 035 $a0106310 035 $aUSA010106310 035 $a(ALEPH)000106310USA01 035 $a0106310 100 $a20020327d--------km-y0itay0103----ba 101 $aeng 102 $aGB 110 $aafa-------- 200 1 $aProceedings of the Royal Society of London. Ser. B, Biological science 210 $aLondon$cRoyal Society of London 215 $av. 326 $aMensile 676 $a570 801 0$aIT$bsalbc$gISBD 912 $a990001063100203316 958 $aTEC$bCH-FONDO$c251(1993)-263(1996) 959 $aSE 969 $aTEC 979 $aPATTY$b90$c20020327$lUSA01$h1405 979 $c20020403$lUSA01$h1746 979 $aPATRY$b90$c20040406$lUSA01$h1714 996 $aProceedings of the Royal Society of London. Ser. B, Biological science$9975906 997 $aUNISA